Juan Manuel de Rosas
Сохранить в:
| Главный автор: | |
|---|---|
| Формат: | |
| Язык: | испанский |
| Опубликовано: |
Buenos Aires
Emecé
1984
|
| Предметы: | |
| Метки: |
Добавить метку
Нет меток, Требуется 1-ая метка записи!
|
MARC
| LEADER | 00000nam a2200000 a 4500 | ||
|---|---|---|---|
| 001 | UCP8303 | ||
| 003 | CL-VaPUC | ||
| 008 | 000114e19840000AG |||||||||||||||||spa|d | ||
| 082 | 0 | 4 | |a 923.2 |b LYN |2 21 |
| 100 | |a Lynch, John |e autor |9 598078 | ||
| 245 | 1 | 0 | |a Juan Manuel de Rosas |
| 300 | |a 391 p | ||
| 942 | |c BK | ||
| 945 | |d 20000114 00:00:00 |a rherrera | ||
| 260 | |a Buenos Aires |b Emecé |c 1984 | ||
| 600 | 0 | |a Rosas, Juan Manuel de |9 438178 | |
| 650 | 0 | |a Biografías |9 255210 | |
| 650 | 0 | |a Gobernadores |9 323856 | |
| 650 | 7 | |a CAUDILLISMO |2 CL-VaPUC |9 374427 | |
| 650 | 0 | |a Política comercial |9 259070 | |
| 651 | 0 | |a Argentina |9 254888 | |
| 583 | |a last modification |c 20000114 00:00:00 |k Rodrigo Vera | ||
| 999 | |c 285235 |d 285233 | ||
| 952 | |0 0 |1 0 |4 0 |6 923_200000000000000_LYN_1984 |7 0 |8 A |9 329686 |a BIBHIS |b BIBHIS |d 2019-11-20 |i 137530K |o 923.2 LYN 1984 |p 137530K |r 2025-01-20 |w 2019-11-20 |y BK |k HIS | ||